Charadas - Statistics

Estatísticas Gerais
  • Esse quiz foi jogado 223 vezes
  • A pontuação média é 12 de 35
Estatísticas das Respostas
Charada Resposta % Correto
QUANDO DEITAMOS, ELE LEVANTA. QUANDO LEVANTAMOS, ELE DEITA O PÉ
76%
CAI EM PÉ E CORRE DEITADO CHUVA
75%
A MÃE DE MARIA TINHA 5 FILHAS: PATA, PETA, PITA, POTA E... MARIA
75%
TEM COROA, MAS NÃO É REI. TEM ESPINHO, MAS NÃO É PEIXE O ABACAXI
71%
TEM CABEÇA, DENTE E BARBA, MAS NÃO É BICHO NEM GENTE ALHO
67%
ENTRA NA ÁGUA E NÃO SE MOLHA A SOMBRA
57%
O MELHOR DIA PRA JOGAR BASQUETE: SEXTA
57%
IRMÃ DE MINHA TIA QUE NÃO É MINHA TIA MINHA MÃE
55%
É MEU, MAS AS PESSOAS QUE CONHEÇO USAM MAIS DO QUE EU MEU NOME
54%
ANDA COM OS PÉS NA CABEÇA PIOLHO
43%
CORRE EM VOLTA DO PASTO SEM SE MEXER A CERCA
41%
FAZ VIRAR A CABEÇA DE UM HOMEM O PESCOÇO
39%
O QUE É QUE NÃO SE COME, MAS É BOM PRA COMER? TALHER
37%
ANIMAL QUE NÃO VALE MAIS NADA JAVALI
36%
NASCE GRANDE E MORRE PEQUENO O LÁPIS
36%
QUANTO MAIS TIRAM DE MIM, MAIS EU AUMENTO O BURACO
35%
CORRO PELA CASA TODA E DURMO EM UM CANTO A VASSOURA
34%
ATRAVESSO O RIO SEM ME MOLHAR A PONTE
33%
PASSO DIANTE DO SOL SEM FAZER SOMBRA VENTO
31%
O QUE MAIS PESA NO MUNDO? A BALANÇA
29%
ESTOU NO POMAR E NO PALETÓ MANGA
29%
TEM 5 DEDOS, MAS NENHUMA UNHA A LUVA
26%
QUAL O QUEIJO QUE MAIS SOFRE? QUEIJO-RALADO
21%
INSTRUMENTO MUSICAL ODIADO PELOS ANÕES CONTRABAIXO
18%
NUNCA PASSA E SEMPRE ESTÁ À FRENTE O FUTURO
18%
QUANTO MAIS EU TIRO, MAIS EU TENHO FOTOGRAFIA
16%
QUE CANTORA CUIDA MAL DE SEUS ANIMAIS? MADONA
15%
SE PÕE NA MESA, CORTA, REPARTE, MAS NÃO COME BARALHO
14%
FICO CHEIO DE BOCA PRA BAIXO E VAZIO DE BOCA PRA CIMA CHAPÉU
14%
QUANTO MAIS RUGAS TENHO, MAIS NOVO SOU PNEU
14%
QUEM INVENTOU A FILA? AS FORMIGAS
13%
DE DIA, FICA NO CÉU; DE NOITE, FICA NA ÁGUA A DENTADURA
12%
NADA NO MUNDO É MAIS VELOZ DO QUE EU O PENSAMENTO
12%
MORRO SEMPRE EM PÉ A VELA
9%
ONDE O BOI CONSEGUE PASSAR, MAS O MOSQUITO NÃO? NA TEIA DA ARANHA
9%
Nenhum quiz correspondente encontrado
Distribuição das Pontuações
Porcentagem de Pessoas com Cada Pontuação
Percentil de Números Respondidos
Sua Pontuação Histórica
Você não jogou esse quiz